000 00380 a2200133 4500
005 20250609121500.0
020 _a0 564 08819 6
082 _a220 TGI
100 _aThe GIDEONS INTERNATIONAL.
245 _aKitabu cha Agano Jipya la Bwana na Mwokozi Wetu Yesu Kristo.
260 _aBritain,
_bThe British & Foreign Bible Society.
300 _a479p.: ill.;
_c17cm.
942 _2ddc
_cBKS
999 _c3504
_d3504